000 00601nam a22001937a 4500
005 20250228125447.0
010 _aENG-143910
020 _a9789391373146
_c240.00
035 _aEN-127442
037 _bDBAD/PUB
082 _a332.338
100 _aGanesan.M
_978825
245 _aDigital Banking
_cby M.Ganesan , A. Saravankumar
_hEnglish
260 _aTamil Nadu
_bShanlax Publication
_c2021
270 _a61,66TPK Main road, vasantha Nagar,madurai
_btamil Nadu
_e625003
300 _a142p.
_c22cm(pbk)
700 _aSnorrason, Gylfi K.
_978826
942 _2ddc
_cEN
_h332.338
_mGAN
999 _c209803
_d209803